Silverlight 1.0

Gespeichert in:
Bibliographische Detailangaben
Format: Sách
Sprache:Undetermined
Veröffentlicht:  Wiley Publishing, Inc  2008
Schlagworte:
Tags: Tag hinzufügen
Keine Tags, Fügen Sie den ersten Tag hinzu!
Thư viện lưu trữ: Trung tâm Thư viện - Trường Đại học Công nghiệp TP. Hồ Chí Minh
LEADER 00393nam a2200133Ia 4500
001 UIH_07476
008 231011s9999 xx 000 0 und d
082 |a  005.2 
245 0 |a  Silverlight 1.0 
260 |b  Wiley Publishing, Inc 
260 |c  2008 
650 |a  Lập trình;  
927 |a Sách 
980 |a Trung tâm Thư viện - Trường Đại học Công nghiệp TP. Hồ Chí Minh